000 00693nam a2200289Ia 4500
005 20260324130921.0
008 008 260324s9999 xx 000 0 eng d
020 _a9780429240874
037 _aEBOOK
040 _aCRL
040 _beng
040 _cCRL
041 _2eng
041 _aeng
084 _qCRL
100 _aBen Buley
_91183535
245 4 _aThe New American Way of War
245 0 _bMilitary Culture and the Political Utility of Force
260 _bTaylor and Francis
260 _c2007
365 _a
365 _b265
856 _uhttp://www.taylorfrancis.com/books/9780429240874
942 _cEBOOK
999 _c1780234
_d1780234